00577 2200169 4500245004900000020002200049250001100071100002900082650002000111005001900131260002500150041001400175084001100189300002700200500017100227336000900398 aSweet MemorycKennedy Jennifer DhillonhText a978-602-9251-79-1 aCet. 1 aKennedy Jennifer Dhillon aNovel Indonesia a20230929131423 aSolobMetamindc2019 aIndonesia a808.83 avi, 186 hlm. :c21 cm. aCinta sejati tak akan pernah lenyap.Sungguh ia telah beranjak meninggalakanmu,sejatinya ia tak pernah mati.Cinta sejati melekat pada batinmu.Ia ada di setiap napasmu. atext